| 000 | 00406nam a2200157Ia 4500 | ||
|---|---|---|---|
| 005 | 20240430032940.0 | ||
| 008 | 240331s9999 xx 000 0 und d | ||
| 082 | _bJAY | ||
| 100 | _aJayaweera, S | ||
| 245 | 0 | _aEconomic activities of women in low income urban families | |
| 260 |
_aSri Lanka _bCentre for women's research _c1989 |
||
| 300 | _a 104 p ., | ||
| 650 | _awomen | ||
| 650 | _alaws | ||
| 942 | _cL | ||
| 999 |
_c2707 _d2707 |
||